Widok standardowy
Widok MARC
Pozycja Geographic Name
Liczba rekordów, w których użyto hasła: 1
001 - Numer kontrolny
- control field: 40991
003 - Identyfikator numeru kontrolnego
- control field: NUKAT
005 - Data i czas ostatniej modyfikacji
- control field: 20260430110530.0
008 - Dane kontrolne kodowane (40 znaków)
- fixed length control field: 200617n||aaznnbabn |a ana |c
010 ## - Numer kontrolny Biblioteki Kongresu
- numer kontrolny LC: sx2019498407
040 ## - Instytucja sporządzająca rekord
- inst. przygot. dane do rek. khw: KAT U/MB
- język haseł przedmiotowych/tezaurus: kaba
- inst. wprow. rek. khw: KAT U/MB
151 ## - Hasło - nazwa geograficzna
- nazwa geograficzna: Warszawa (Polska)
- określnik chronologiczny: 1945-1990
- określnik formy: źródła.